000 00567cam a2200181 4500
001 2001
005 20181127164351.0
008 711216s1965 nyua 000 0 eng
010 _a 64022956
100 1 _aPapoulis, Athanasios,
_d1921-
245 1 0 _aProbability, random variables, and stochastic processes /
_cAthanasios Papoulis.
260 _aNew York :
_bMcGraw-Hill,
_c1965.
300 _axi, 583 p.
_bill. ;
_c23 cm.
490 0 _aMcGraw-Hill series in systems science
650 0 _aProbabilities.
650 0 _aRandom variables.
650 0 _aStochastic processes.
999 _c1551
_d1551